Bayou magic (Record no. 2030)

MARC details
000 -LEADER
fixed length control field 00740nam a22002297a 4500
005 - DATE AND TIME OF LATEST TRANSACTION
control field 20231101091357.0
020 ## - INTERNATIONAL STANDARD BOOK NUMBER
International Standard Book Number 978133325
040 ## - CATALOGING SOURCE
Original cataloging agency FISKH
Language of cataloging eng
Transcribing agency FISKH
Modifying agency FISKH
050 ## - LIBRARY OF CONGRESS CALL NUMBER
Classification number PZ7.R3476235
082 ## - DEWEY DECIMAL CLASSIFICATION NUMBER
Classification number 813.6
100 ## - MAIN ENTRY--PERSONAL NAME
Personal name Rhodes, Jewell Parker
245 ## - TITLE STATEMENT
Title Bayou magic
Statement of responsibility, etc. Jewell Parker Rhodes
250 ## - EDITION STATEMENT
Edition statement First Scholastic printing, September 2016
260 ## - PUBLICATION, DISTRIBUTION, ETC.
Place of publication, distribution, etc. New York :
Name of publisher, distributor, etc. Scholastic,
Date of publication, distribution, etc. 2015
300 ## - PHYSICAL DESCRIPTION
Extent 239 pages :
Dimensions 20 cm
505 ## - FORMATTED CONTENTS NOTE
Formatted contents note M
520 ## - SUMMARY, ETC.
Summary, etc. Visiting her grandmother in the Louisiana bayou, ten-year-old Maddy begins to realize that she may be the only sibling to carry on the gift of her family's magical legacy.
521 ## - TARGET AUDIENCE NOTE
Target audience note 670 <br/>
Source Lexile
521 ## - TARGET AUDIENCE NOTE
Target audience note M <br/>
Source Raz-Plus
942 ## - ADDED ENTRY ELEMENTS (KOHA)
Source of classification or shelving scheme Dewey Decimal Classification
Koha item type Books
Suppress in OPAC No
999 ## -
-- 2030
-- 2030
Holdings
Withdrawn status Lost status Source of classification or shelving scheme Damaged status Not for loan Collection Home library Current library Shelving location Date acquired Total Checkouts Full call number Barcode Date last seen Date last checked out Price effective from Koha item type
    Dewey Decimal Classification     Juvenile Fiction Footprints International School Library Network Toul Kork Campus Footprints International School Library Network Toul Kork Campus TK Primary Library Room(4th Floor), Bookcase 5&6, Shelves 33-56, Orange Books 11/01/2023 1 RHO 813.6 PZ7.R3476235 FISTK05433 03/02/2026 02/02/2026 11/01/2023 Books